000 00399nam a2200157Ia 4500
008 210716s2014 xx 000 0 und d
020 _a9780198086109
041 _aeng
082 _a519.3 OSBM
100 _aOsborne, Martin J.
245 _aIntroduction to game theory.
250 _a1
260 _aNew Delhi
_bOxford University Press
_c2014
300 _axvii,533
650 _aGames of action
999 _c193896
_d193896